Whiplash Movie Quiz - Statistics

General Stats
  • This quiz has been taken 452 times
  • The average score is 10 of 20
Answer Stats
Hint Answer % Correct
Who plays Terrence Fletcher? J.K. Simmons
89%
"Not quite my ____" Tempo
86%
Who plays Andrew Neiman? Miles Teller
85%
What instrument does Andrew spot Terrence playing at the bar? Piano
75%
What happens to Andrew after driving back to get his drum sticks from the car rental for the concert? Car crash
70%
Terrence stated Sean's cause of death was a car accident, but lied. What did he really die from? Suicide
68%
What was the song which Andrew played next after bombing the above? Caravan
67%
What are the 2 most harmful words in the English language, according to Terrence? Good job
63%
What is the name of the school Andrew attends? Schaffer Conservatory
54%
Who was the director of the movie? Damien Chazelle
48%
What drum did Andrew slowly stop hitting and start hitting again in his epic solo? Snare
46%
What is the name of Andrew's girlfriend/ex? Nicole
40%
What drumming style does Terrence prolifically enforce the 3 drummers to get right? Double time swing
39%
Who was the drummer Neiman was compared to at the start of the Whiplash piece? Buddy Rich
34%
Which instrument was given a solo throughout the middle of the piece above? Trombone
34%
What is the first song the band plays in the concert so Terrence could screw over Andrew? Upswingin'
32%
Who threw a cymbal at Charlie Parker's head? Jo Jones
29%
Who was the musician Terrence was crying about after hearing his death? Sean Casey
29%
What was the first band he attended before switching to studio band? Nassau band
24%
In the Whiplash piece, what does a quarter note equal? 215
22%
No matching quizzes found
Score Distribution
Percent of People with Each Score
Percentile by Number Answered
Your Score History
You have not taken this quiz